[Event "XXXII Belgrade Trophy 2018"]
[Site "Belgrade"]
[Date "2018.12.01"]
[Round "8"]
[White "Sanal, Vahap"]
[Black "Pastar, Slaven"]
[Result "0-1"]
[WhiteElo "2485"]
[BlackElo "2326"]
[Annotator "TA"]
[PlyCount "136"]
[EventDate "2018.11.24"]
[EventType "swiss"]
[EventCountry "SRB"]
[SourceTitle "playchess.com"]
[Source "ChessBase"]
[SourceQuality "1"]

{[%evp 10,136,34,2,12,-10,-3,-8,-13,-13,-13,-9,-7,-11,-1,-13,-13,-16,-7,-28,-23,-29,-20,-30,-30,-52,-50,-64,-43,-101,-118,-116,-126,-101,-99,-327,-314,-459,-461,-639,-631,-712,-722,-712,-685,-636,-636,-636,-636,-636,-461,-714,-636,-681,-636,-1156,-1156,-1192,-1180,-1581,-1573,-1456,-1075,-1076,0,-1297,0,-1065,-1074,-1126,-1046,-1603,-847,-1208,-304,-719,-714,-634,-525,-439,-443,-619,-604,-587,-583,-577,-566,-609,-526,-555,0,-559,-564,-885,-873,-879,-851,-780,-747,-957,-937,-1037,-940,-910,-897,-851,-846,-1468,-1143,-1599,-1225,-1012,0,-954,-817,-1900,-1818,-6075,-5506,-5506,-5435,-4666,-4133,-1537,-909,-820,-754,-29986,-29987]} 1. e4 e5 2. Nf3 Nc6 3. Bb5 Nf6 {[%cal Bg8f6,Bf6d7,Bd7f8,Bf8e6][%mdl 32]} 4. d3 Bc5 5. Bxc6 dxc6 6. b3 {LiveBook: 12 Games. C65: Ruy Lopez: Berlin Defence (3...Nf6), unusual lines and 4 0-0 Bc5} (6. Nbd2 Be6 7. O-O Nd7 8. Nb3 Bb6 9. Ng5 Bxb3 10. axb3 f6 11. Nf3 Nf8 12. Nd2 Qd7 13. Nc4 Ne6 {½-½ (54) Saric,I (2689)-Caruana,F (2827) Batumi 2018}) 6... Bg4 7. Bb2 (7. O-O {feels hotter.} Nd7 8. Nbd2 f6 9. Nc4 Nf8 10. c3) 7... Nd7 8. h3 {The position is equal.} Bh5 $146 ({Predecessor:} 8... Bxf3 9. Qxf3 Qe7 10. Nd2 f6 11. a4 O-O 12. O-O Rfe8 13. Nc4 a5 {1-0 (24) Michalczak,T (2305)-Neave,G (2151) Rhodes 2013}) 9. Nbd2 {[%cal Bb1d2,Bd2f1,Bf1g3,Bg3e2][%mdl 32]} f6 10. Nf1 Nf8 11. Ng3 Bxf3 12. Qxf3 Ne6 13. Ne2 Qe7 14. h4 a5 15. a3 h5 16. Qh3 O-O-O 17. f4 Kb8 18. fxe5 fxe5 19. Bxe5 ({White should try} 19. Qg3 $15) 19... Rhf8 $17 20. Rf1 Rxf1+ 21. Kxf1 g5 22. Ke1 $2 (22. d4 $17 {was forced.}) 22... gxh4 $19 23. Qf5 (23. b4 $142 Bb6 24. Bc3) 23... Rf8 24. Qg6 Bf2+ 25. Kd2 Qc5 26. Qxe6 Be3+ {[%cal Bf2e3,Be3g5,Bg5h6][%mdl 32]} 27. Ke1 Qxc2 {[%csl Gc2][%cal Re3d2] [#]} 28. Bf6 h3 29. gxh3 {Strongly threatening Rd1.} Qd2+ 30. Kf1 {White hopes to continue with h4.} Bg5 31. e5 Qb2 32. Qe7 Qxa1+ 33. Kf2 Bh6 34. d4 Qh1 35. Qh7 Qh2+ 36. Ke1 Qh1+ 37. Kf2 Qh2+ 38. Ke1 Be3 39. Kd1 Qxh3 {( -> ...Qf1+)} 40. Kc2 c5 41. d5 Bd4 $2 (41... Qf3 42. Qd3 Rg8) 42. Qg7 $2 (42. d6 cxd6 43. exd6) 42... Qf5+ 43. Kd2 Rxf6 44. exf6 Qxf6 45. Qg8+ Ka7 46. Qg3 Qe5 47. Qf3 Qg5+ 48. Kd3 Qg6+ 49. Kd2 Qg5+ 50. Kd3 $1 h4 51. b4 Qg6+ 52. Kd2 Qh6+ 53. Kd3 Qa6+ 54. Kd2 axb4 55. axb4 Qa2+ 56. Kd1 Qb1+ 57. Kd2 Qb2+ 58. Kd1 cxb4 59. Qd3 Qa1+ 60. Kc2 Qb2+ 61. Kd1 Bc3 {Hoping for ...Qa1+.} 62. Qe3+ b6 63. Qf4 Qb3+ {[%mdl 64] [#] Double Attack} 64. Kc1 Bb2+ 65. Kd2 Qxd5+ 66. Ke1 Qe5 {aiming for ...Bc3+.} 67. Qxh4 Bc3+ 68. Kd1 Qd5+ {Accuracy: White = 32%, Black = 82%.} 0-1

[Event "XXXII Belgrade Trophy 2018"]
[Site "Belgrade"]
[Date "2018.12.01"]
[Round "8"]
[White "Radovanovic, Mihajlo"]
[Black "Blagojevic, Dragisa"]
[Result "1/2-1/2"]
[WhiteElo "2466"]
[BlackElo "2494"]
[Annotator "TA"]
[PlyCount "83"]
[EventDate "2018.11.24"]
[EventType "swiss"]
[EventCountry "SRB"]
[SourceTitle "playchess.com"]
[Source "ChessBase"]
[SourceQuality "1"]

{[%evp 22,83,12,12,12,12,6,13,8,12,3,4,0,0,0,0,0,0,2,2,3,0,0,0,0,0,0,0,0,-7,0,0,0,-6,-11,-9,-10,-14,0,-11,0,-6,-7,-25,-27,-36,-24,-63,-8,-9,0,0,0,0,0,0,0,0,0,0,0,0,0,0]} 1. Nf3 d5 2. c4 e6 3. d4 Nf6 4. g3 dxc4 5. Bg2 Bd7 {[%cal Bc8d7,Bd7c6,Bc6d5][%mdl 32]} 6. O-O Bc6 7. Qc2 Nbd7 8. Qxc4 Bd5 9. Qc2 Be4 10. Qd1 c5 11. Nc3 Bc6 12. Bg5 {LiveBook: 4 Games. E02: Open Catalan: 5 Qa4+} (12. Be3 cxd4 13. Bxd4 Be7 14. Ne5 Bxg2 15. Kxg2 Nxe5 16. Bxe5 Qa5 17. Bxf6 Bxf6 18. Ne4 O-O 19. Nxf6+ gxf6 20. Qd4 {½-½ (19) Timman,J (2565)-Karpov,A (2628) Murmansk 2016}) 12... Be7 13. dxc5 Bxc5 14. Nd2 Bxg2 15. Kxg2 O-O 16. Qb3 $146 ({Predecessor:} 16. Nde4 Be7 17. Qb3 Nxe4 18. Nxe4 Nb6 19. Rfd1 Nd5 20. Bxe7 Qxe7 {½-½ (52) Johnston,A (2347)-Davidov,A (2257) ICCF email 2011}) 16... h6 17. Bxf6 $1 Nxf6 18. Nde4 Nxe4 19. Nxe4 Bb6 20. Rfd1 Qe7 21. a4 Rfd8 22. Rxd8+ Qxd8 23. Rd1 Qc7 24. Qc3 (24. Qb5 {looks sharper.} Rd8 25. Rxd8+ Qxd8 26. a5 Bxa5 27. Qxb7 Qb6 28. Qc8+) 24... Qxc3 25. Nxc3 $11 {[%mdl 4096] Endgame KRB-KRN} Kf8 26. Rd7 Rb8 27. Ne4 Ke8 28. Rd3 Ke7 29. Rb3 f5 30. Nc3 Rc8 31. h4 Rc4 32. e3 Kd6 33. Kf3 Kc6 34. Ke2 a6 (34... Rg4 $15) 35. Kd3 {The position is equal.} Rc5 36. Rb4 Ba5 37. Rc4 b5 38. axb5+ axb5 39. Rxc5+ Kxc5 40. Ne2 e5 41. e4 g6 42. h5 {Accuracy: White = 72%, Black = 75%.} 1/2-1/2

[Event "XXXII Belgrade Trophy 2018"]
[Site "Belgrade"]
[Date "2018.12.01"]
[Round "8"]
[White "Todorovic, Goran M"]
[Black "Tsaknakis, Zisis"]
[Result "1-0"]
[WhiteElo "2435"]
[BlackElo "2229"]
[Annotator "TA"]
[PlyCount "67"]
[EventDate "2018.11.24"]
[EventType "swiss"]
[EventCountry "SRB"]
[SourceTitle "playchess.com"]
[Source "ChessBase"]
[SourceQuality "1"]

{[%evp 19,67,-37,-35,-35,-9,-9,4,9,20,12,20,12,27,16,29,15,17,8,9,9,11,0,0,0,154,150,142,142,370,380,351,291,293,288,285,281,276,272,344,350,580,565,554,539,735,723,1112,1110,1102,1086]} 1. e4 c5 2. Nf3 d6 3. d4 cxd4 4. Nxd4 Nf6 5. Nc3 a6 6. f4 Qc7 7. Nf3 Nbd7 8. Bd3 e6 9. O-O b5 10. a3 {B82: Sicilian Scheveningen: 6 f4} Bb7 {LiveBook: 11 Games} 11. Kh1 Nc5 {[%cal Rc5e4]} 12. Qe1 {The position is equal.} d5 $146 {[%cal Rd5e4]} ({Predecessor:} 12... Be7 13. Bd2 h5 14. b4 Ncd7 15. a4 bxa4 16. Nxa4 {0-1 (33) Mitkov,N (2513)-Tate,E (2302) Las Vegas 2012}) 13. e5 Nfe4 14. Ne2 Be7 15. Ned4 g6 16. Be3 h5 17. Qe2 Kf8 18. Ng1 Kg7 19. Qf3 Raf8 20. b4 Na4 ({Wrong is} 20... Nxd3 $2 21. cxd3 Kg8 22. dxe4 $18) 21. Nge2 Nac3 $2 ({Black should try} 21... Rh7 $11) 22. Nxc3 Qxc3 {[#]} 23. f5 $1 $36 {[%mdl 2560] And now Bxe4 would win. Keeping Black busy.} exf5 $2 (23... Kg8 $16 {was necessary.}) 24. Bxe4 $18 {Nxf5+! is the strong threat.} f4 25. Bxg6 {[%mdl 64] Deflection} ({Less strong is} 25. Qxf4 dxe4 26. Rad1 Bc8 $16) 25... fxg6 26. Ne6+ {[%mdl 64] Double Attack} Kh7 27. Nxf8+ Rxf8 28. Bxf4 Qc4 29. Qd3 d4 $2 (29... Bc8 30. Bd2 d4 31. Rxf8 Bxf8 32. Qxc4 bxc4) 30. Qxc4 {White is clearly winning.} bxc4 {[#]} 31. Bg5 $1 {[%mdl 576] Deflection} Bxg5 32. Rxf8 Be4 {[#]} 33. h4 $1 Bh6 (33... Bxh4 34. Rf4) 34. Rd8 {Accuracy: White = 63%, Black = 28%.} 1-0

[Event "XXXII Belgrade Trophy 2018"]
[Site "Belgrade"]
[Date "2018.12.01"]
[Round "8"]
[White "Atakisi, Umut"]
[Black "Kisic, Bozidar"]
[Result "1-0"]
[WhiteElo "2398"]
[BlackElo "2236"]
[Annotator "TA"]
[PlyCount "58"]
[EventDate "2018.11.24"]
[EventType "swiss"]
[EventCountry "SRB"]
[SourceTitle "playchess.com"]
[Source "ChessBase"]
[SourceQuality "1"]

{[%evp 22,58,64,66,178,162,172,158,158,155,206,175,238,230,341,352,333,200,191,165,191,112,95,16,16,15,19,15,12,6,64,63,125,118,29995,29996,29996,29997,29998]} 1. Nf3 d5 2. d4 Bg4 3. c4 Nc6 4. cxd5 Bxf3 5. gxf3 Qxd5 6. e3 e5 7. Nc3 Bb4 8. Bd2 Bxc3 9. bxc3 Nf6 {D07: Queen's Gambit: Chigorin Defence} 10. c4 Qd6 11. d5 Ne7 12. Rb1 {[%cal Ba1b1,Bb1b7,Bb7a7][%mdl 32] LiveBook: 9 Games} c6 $146 (12... b6 $14) ({Predecessor:} 12... b6 13. Bb4 c5 14. dxc6 Qxd1+ 15. Rxd1 Nxc6 16. Ba3 Rd8 17. Bd6 {1-0 (41) Giri,A (2642)-Short,N (2685) Amsterdam 2010}) 13. Rxb7 $18 {Bb4 is the strong threat.} O-O 14. Bb4 c5 15. Bc3 Rfd8 (15... Rfb8 $16 16. Rxb8+ Rxb8) 16. Qc2 Rab8 (16... Rdb8 {was necessary.}) 17. Rxa7 Nexd5 (17... Nc8 $142) 18. cxd5 Nxd5 19. Bc4 Nxc3 20. O-O $1 ({Weaker is} 20. Bxf7+ Kf8 $11) 20... Nd5 {[#]} 21. Qf5 (21. Qd3 $1 $18) 21... Rf8 22. Rd1 $40 {[%mdl 128] White attacks.} (22. Rd7 $16 Qf6 23. Qxf6 Nxf6 24. Re7) 22... Nxe3 $1 $11 {[%mdl 64] Double Attack, Discovered Attack} 23. Rxd6 ({Wrong is} 23. Qxf7+ $2 Rxf7 24. Bxf7+ Kf8 $19) 23... Nxf5 24. Rdd7 {[%cal Rc4f7]} Nh4 {And now ...Rb1+ would win.} 25. Kf1 {[%cal Rd7f7]} Rb1+ (25... g6 $11) 26. Ke2 $14 {[%cal Rd7f7]} Rb2+ {[#]} ({Better is} 26... g6 $1 $14) 27. Kd3 $1 $16 {[%cal Rd7f7]} Rxf2 $2 {[%mdl 8192]} (27... g6 $16) 28. Rxf7 e4+ 29. Kc3 Rxf3+ {Accuracy: White = 47%, Black = 16%.} 1-0

[Event "XXXII Belgrade Trophy 2018"]
[Site "Belgrade"]
[Date "2018.12.01"]
[Round "8"]
[White "Abramovic, Bosko"]
[Black "Lajthajm, Borko"]
[Result "1/2-1/2"]
[WhiteElo "2372"]
[BlackElo "2407"]
[Annotator "NA"]
[PlyCount "30"]
[EventDate "2018.11.24"]
[EventType "swiss"]
[EventCountry "SRB"]
[SourceTitle "playchess.com"]
[Source "ChessBase"]
[SourceQuality "1"]
[TimeControl "40/5400+30:900+30"]

1. g3 {[%emt 0:00:00]} Nf6 {[%emt 0:00:00]} 2. Bg2 {[%emt 0:00:00]} e5 {[%emt 0:00:00]} 3. c4 {[%emt 0:01:54]} c6 {[%emt 0:00:54]} 4. d3 {[%emt 0:03:25]} Bb4+ {[%emt 0:00:26]} 5. Bd2 {[%emt 0:03:35]} a5 {[%emt 0:01:04]} 6. Nf3 {[%emt 0:01:04]} Bxd2+ {[%emt 0:00:14]} 7. Nbxd2 {[%emt 0:00:10]} d6 {[%emt 0:00:07]} 8. O-O {[%emt 0:02:51]} Bg4 {[%emt 0:00:49]} 9. c5 {[%emt 0:04:21]} Bxf3 {[%emt 0:00:10]} 10. Nxf3 {[%emt 0:00:09]} Na6 {[%emt 0:02:07]} 11. cxd6 {[%emt 0:00:35]} Qxd6 {[%emt 0:00:06]} 12. Qc2 {[%emt 0:01:42]} O-O {[%emt 0:00:23]} 13. Rac1 {[%emt 0:03:08]} Nb4 {[%emt 0:00:29]} 14. Qb1 {[%emt 0:00:07]} Rfe8 {[%emt 0:00:28]} 15. a3 {[%emt 0:00:21]} Nbd5 {[%emt 0:00:45]} 1/2-1/2

[Event "XXXII Belgrade Trophy 2018"]
[Site "Belgrade"]
[Date "2018.12.01"]
[Round "8"]
[White "Rajkovic, Mladen"]
[Black "Uysal, Burak"]
[Result "0-1"]
[WhiteElo "2355"]
[BlackElo "2215"]
[Annotator "TA"]
[PlyCount "92"]
[EventDate "2018.11.24"]
[EventType "swiss"]
[EventCountry "SRB"]
[SourceTitle "playchess.com"]
[Source "ChessBase"]
[SourceQuality "1"]

{[%evp 12,92,0,0,14,13,13,-52,-47,-39,-43,-36,-21,-28,-13,-6,-12,-16,-10,-19,0,0,0,-22,-19,-15,0,-4,-3,-3,0,0,0,-6,-3,-8,18,0,0,0,0,-39,-33,-94,-94,-94,-94,-103,-104,-120,-118,-481,-489,-481,-455,-433,-398,-29967,-29967,-29969,-29970,-29971,-29971,-29972,-29974,-29974,-29975,-29975,-29976,-29976,-29977,-29977,-29978,-29977,-29978,-29980,-29981,-29981,-29982,-29983,-29984,-29983,-29984]} 1. e4 e5 2. Nf3 Nc6 3. d4 exd4 4. Nxd4 Bc5 5. Nxc6 Qf6 6. f4 dxc6 {C45: Scotch Game} 7. Nc3 {LiveBook: 6 Games} Qe7 (7... Nh6 8. f5 Bd7 9. Qf3 O-O-O 10. Bd2 Qe7 11. O-O-O f6 12. Bc4 Kb8 13. Qg3 Bd6 14. Bf4 Bxf4+ 15. Qxf4 {1-0 (40) Nepomniachtchi,I (2720)-Bruzon Batista,L (2677) Havana 2015}) 8. Bd3 Nf6 {[%cal Bg8f6,Bf6d5,Bd5c3][%mdl 32] [#] Strongly threatening ...Bg4.The position is equal.} 9. h3 $146 (9. Qf3 $1 $11) ({Predecessor:} 9. Qf3 Bg4 10. Qg3 h5 11. Be3 Bb4 12. h3 h4 13. hxg4 hxg3 14. Rxh8+ {1-0 (31) Savickas,A (2275)-Butnorius,A (2424) Siauliai 2005}) 9... Nd5 $15 {( -> ...Qh4+)} 10. Qf3 Nxc3 11. bxc3 f5 (11... Be6 {looks sharper.} 12. Be3 O-O-O 13. O-O Kb8 14. Qf2 Bxe3 15. Qxe3 Qa3) 12. Be3 Bxe3 13. Qxe3 fxe4 14. Qxe4 Qxe4+ 15. Bxe4 Be6 16. f5 Bc4 17. Bd3 Bxd3 18. cxd3 $11 {[%mdl 4096] Endgame KRR-KRR} Kf7 19. O-O-O Rae8 20. Rde1 Kf6 21. g4 h5 22. Rxe8 Rxe8 {KR-KR} 23. Kd2 Kg5 24. Rg1 hxg4 25. Rxg4+ Kf6 26. Rg6+ Kf7 27. d4 (27. Rg4 $15) 27... Rh8 $17 28. Rg3 Rh5 29. Rf3 Kf6 30. Ke3 Rxf5 31. Rf4 $2 {[%mdl 8192]} (31. Rg3 $17 {nothing else works.}) 31... Rxf4 $19 32. Kxf4 {KP-KP} g5+ 33. Kg4 {[#]} Kg6 $1 34. Kg3 $2 (34. Kf3 $19 a6 35. Ke4) 34... Kh5 {Black mates.} 35. Kh2 Kh4 36. Kg2 b5 37. Kh2 g4 38. hxg4 Kxg4 39. Kg2 Kf4 40. Kf2 Ke4 41. Ke2 Kd5 42. Kd3 a6 {[%cal Ba7a6,Ba6a5,Ba5a4][%mdl 32]} 43. Kd2 Kc4 44. Kc2 a5 45. a3 a4 46. Kd2 Kb3 {Accuracy: White = 37%, Black = 68%.} 0-1

[Event "XXXII Belgrade Trophy 2018"]
[Site "Belgrade"]
[Date "2018.12.01"]
[Round "8"]
[White "Dimic, Pavle"]
[Black "Maric, Dragan"]
[Result "1-0"]
[WhiteElo "2348"]
[BlackElo "2174"]
[Annotator "NA"]
[PlyCount "47"]
[EventDate "2018.11.24"]
[EventType "swiss"]
[EventCountry "SRB"]
[SourceTitle "playchess.com"]
[Source "ChessBase"]
[SourceQuality "1"]
[TimeControl "40/5400+30:900+30"]

1. d4 {[%emt 0:00:19]} Nf6 {[%emt 0:00:00]} 2. Nf3 {[%emt 0:00:08]} e6 {[%emt 0:00:00]} 3. c4 {[%emt 0:00:03]} b6 {[%emt 0:00:01]} 4. a3 {[%emt 1:31:30]} d5 {[%emt 0:00:53]} 5. Nc3 {[%emt 0:00:00]} Bb7 {[%emt 0:01:18]} 6. Bg5 {[%emt 0:00:00]} Be7 {[%emt 0:00:29]} 7. Bxf6 {[%emt 0:00:00]} Bxf6 {[%emt 0:00:10]} 8. cxd5 {[%emt 0:00:00]} exd5 {[%emt 0:00:17]} 9. Qa4+ {[%emt 0:00:00] E12: Queen's Indian: Unusual White 4th moves, 4 a3, 4 Nc3 Bb7 5 a3 and 4 Nc3 Bb7} Nd7 {[%emt 0:03:08]} 10. g3 {[%emt 0:00:00]} O-O {[%emt 0:00:37]} 11. Bh3 {[%emt 0:00:00]} Nb8 {[%emt 0:02:00]} 12. O-O {[%emt 0:00:00]} Re8 {[%emt 0:03:47]} 13. Rad1 $146 {[%emt 0:00:00]} ({Predecessor:} 13. Rfd1 Na6 14. Bd7 {0-1 (44) Kozul,Z (2597)-Almasi,Z (2707) Bastia 2013}) 13... c6 {[%emt 0:05:45]} 14. Rfe1 {[%emt 0:00:00]} b5 {[%emt 0:05:06]} 15. Qc2 {[%emt 0:00:00]} Nd7 {[%emt 0:01:30]} 16. e4 {[%emt 0:00:00]} Nb6 {[%emt 0:00:28]} 17. e5 {[%emt 0:00:00]} Be7 {[%emt 0:04:28]} 18. e6 {[%emt 0:00:00]} g6 {[%emt 0:01:09] [#]} 19. Ne5 $1 {[%emt 0:00:00]} ({Weaker is} 19. exf7+ Kxf7 20. a4 bxa4 $16) 19... f5 {[%emt 0:01:11]} 20. Nf7 {[%emt 0:00:00]} Qb8 {[%emt 0:07:26] [#]} 21. Bxf5 $18 {[%emt 0:00:00]} gxf5 {[%emt 0:00:57]} 22. Qxf5 {[%emt 0:00:00]} Nc4 {[%emt 0:06:43]} 23. Qg4+ {[%emt 0:00:00]} Kf8 {[%emt 0:00:18]} 24. Nh6 {[%emt 0:00:00]} 1-0

[Event "XXXII Belgrade Trophy 2018"]
[Site "Belgrade"]
[Date "2018.12.01"]
[Round "8"]
[White "Velickovic, Sasa"]
[Black "Cetkovic, Miodrag"]
[Result "1-0"]
[WhiteElo "2293"]
[BlackElo "2189"]
[Annotator "ChessBase"]
[PlyCount "143"]
[EventDate "2018.11.24"]
[EventType "swiss"]
[EventCountry "SRB"]
[SourceTitle "playchess.com"]
[Source "ChessBase"]
[SourceQuality "1"]
[TimeControl "40/5400+30:900+30"]

1. e4 {[%emt 0:00:00]} d6 {[%emt 0:00:08]} 2. d4 {[%emt 0:00:00]} Nf6 {[%emt 0:00:07]} 3. Nc3 {[%emt 0:00:14]} e5 {[%emt 0:00:20]} 4. Nf3 {[%emt 0:00:53]} Nbd7 {[%emt 0:00:20]} 5. Bc4 {[%emt 0:03:04]} Be7 {[%emt 0:00:25]} 6. O-O {[%emt 0:00:21]} O-O {[%emt 0:00:07]} 7. Re1 {[%emt 0:00:16]} c6 {[%emt 0:01:27]} 8. a4 {[%emt 0:00:16]} a5 {[%emt 0:01:09]} 9. b3 {[%emt 0:02:14]} Qc7 {[%emt 0:02:00]} 10. Ba3 {[%emt 0:01:10]} Nb6 {[%emt 0:02:37]} 11. Be2 {[%emt 0:01:37]} Bg4 {[%emt 0:04:08]} 12. h3 {[%emt 0:01:18]} Bh5 {[%emt 0:03:16]} 13. Qd3 {[%emt 0:02:51]} Rad8 {[%emt 0:02:41]} 14. Rad1 {[%emt 0:02:07]} Rfe8 {[%emt 0:07:11]} 15. Qe3 {[%emt 0:02:27]} Bxf3 {[%emt 0:05:02]} 16. Bxf3 {[%emt 0:04:24]} Nbd7 {[%emt 0:06:15]} 17. g3 {[%emt 0:05:40]} Nf8 {[%emt 0:03:21]} 18. d5 {[%emt 0:02:25]} c5 {[%emt 0:03:49]} 19. Be2 {[%emt 0:04:07]} N8d7 {[%emt 0:00:47]} 20. Kg2 {[%emt 0:01:30]} Bf8 {[%emt 0:00:23]} 21. Rh1 {[%emt 0:01:35]} Nb6 {[%emt 0:02:26]} 22. h4 {[%emt 0:02:19]} Qe7 {[%emt 0:04:49]} 23. Bc1 {[%emt 0:03:25]} Ra8 {[%emt 0:01:31]} 24. Nb1 {[%emt 0:05:49]} Nfd7 {[%emt 0:03:36]} 25. Na3 {[%emt 0:00:37]} Rec8 {[%emt 0:01:30]} 26. Bd2 {[%emt 0:00:16]} c4 {[%emt 0:02:23]} 27. Nxc4 {[%emt 0:04:22]} Nxc4 {[%emt 0:00:21]} 28. Bxc4 {[%emt 0:00:07]} Nc5 {[%emt 0:00:14]} 29. Be2 {[%emt 0:01:50]} Qc7 {[%emt 0:02:41]} 30. Rb1 {[%emt 0:01:04]} Be7 {[%emt 0:00:24]} 31. c3 {[%emt 0:02:05]} Bd8 {[%emt 0:02:13]} 32. Qf3 {[%emt 0:14:49]} Qe7 {[%emt 0:01:59]} 33. Bb5 {[%emt 0:01:51]} Qf8 {[%emt 0:04:36]} 34. Rb2 {[%emt 0:04:35]} Qe7 {[%emt 0:04:06]} 35. Ra1 {[%emt 0:00:54]} Nd7 {[%emt 0:02:13]} 36. h5 {[%emt 0:07:41]} h6 {[%emt 0:05:50]} 37. Qf5 {[%emt 0:02:22]} Nf6 {[%emt 0:00:58]} 38. Re1 {[%emt 0:00:13]} Nh7 {[%emt 0:05:03]} 39. f4 {[%emt 0:04:03]} f6 {[%emt 0:00:48]} 40. Qd7 {[%emt 0:04:02]} Rc7 {[%emt 0:01:38]} 41. Qxe7 {[%emt 0:15:06]} Rxe7 {[%emt 0:15:31]} 42. b4 {[%emt 0:03:56]} Bb6 {[%emt 0:03:34]} 43. c4 {[%emt 0:03:11]} axb4 {[%emt 0:02:20]} 44. Bxb4 {[%emt 0:00:11]} Rd8 {[%emt 0:00:28]} 45. a5 {[%emt 0:00:13]} Bd4 {[%emt 0:08:23]} 46. Ra2 {[%emt 0:03:21]} Bc5 {[%emt 0:00:00]} 47. Bxc5 {[%emt 0:00:00]} dxc5 {[%emt 0:00:00]} 48. a6 {[%emt 0:00:00]} bxa6 {[%emt 0:00:00]} 49. Rxa6 {[%emt 0:00:00]} Nf8 {[%emt 0:00:00]} 50. Rc6 {[%emt 0:00:00]} Ra7 {[%emt 0:00:00]} 51. Rxc5 {[%emt 0:00:00]} Ra2+ {[%emt 0:00:00]} 52. Kf3 {[%emt 0:00:00]} Rda8 {[%emt 0:00:00]} 53. Re2 {[%emt 0:00:00]} Ra1 {[%emt 0:00:00]} 54. Rc7 {[%emt 0:00:00]} Rf1+ {[%emt 0:00:00]} 55. Kg2 {[%emt 0:00:00]} Raa1 {[%emt 0:00:00]} 56. fxe5 {[%emt 0:00:00]} fxe5 {[%emt 0:00:00]} 57. c5 {[%emt 0:01:36]} Rg1+ {[%emt 0:00:00]} 58. Kf2 {[%emt 0:01:07]} Raf1+ {[%emt 0:00:00]} 59. Ke3 {[%emt 0:00:01]} Rxg3+ {[%emt 0:00:00]} 60. Kd2 {[%emt 0:00:00]} Rb1 {[%emt 0:00:00]} 61. Bd3 {[%emt 0:00:28]} Rb3 {[%emt 0:00:00]} 62. Bc2 {[%emt 0:00:02]} Rb4 {[%emt 0:00:02]} 63. Rf2 {[%emt 0:00:22]} Rb8 {[%emt 0:02:14]} 64. c6 {[%emt 0:00:08]} Rd8 {[%emt 0:00:07]} 65. Re7 {[%emt 0:00:15]} Ra3 {[%emt 0:02:39]} 66. c7 {[%emt 0:00:10]} Rc8 {[%emt 0:00:06]} 67. Rff7 {[%emt 0:00:25]} Ra6 {[%emt 0:01:28]} 68. Rxg7+ {[%emt 0:00:43]} Kh8 {[%emt 0:00:07]} 69. Rgf7 {[%emt 0:00:37]} Kg8 {[%emt 0:00:15]} 70. Bd3 {[%emt 0:00:28]} Rd6 {[%emt 0:00:17]} 71. Rf1 {[%emt 0:00:38]} Nd7 {[%emt 0:00:39]} 72. Re6 {[%emt 0:02:12]} 1-0

[Event "XXXII Belgrade Trophy 2018"]
[Site "Belgrade"]
[Date "2018.12.01"]
[Round "8"]
[White "Andrijevic, Milan"]
[Black "Ivanovic, Marko"]
[Result "0-1"]
[WhiteElo "2269"]
[BlackElo "2202"]
[Annotator "ChessBase"]
[PlyCount "56"]
[EventDate "2018.11.24"]
[EventType "swiss"]
[EventCountry "SRB"]
[SourceTitle "playchess.com"]
[Source "ChessBase"]
[SourceQuality "1"]
[TimeControl "40/5400+30:900+30"]

1. e4 {[%emt 0:00:00]} d6 {[%emt 0:03:51]} 2. d4 {[%emt 0:00:00]} Nf6 {[%emt 0:00:06]} 3. Nc3 {[%emt 0:00:11]} Nbd7 {[%emt 0:00:14]} 4. Nf3 {[%emt 0:03:09]} e5 {[%emt 0:00:59]} 5. Bc4 {[%emt 0:00:38]} Be7 {[%emt 0:00:05]} 6. O-O {[%emt 0:00:14]} O-O {[%emt 0:00:07]} 7. a4 {[%emt 0:00:22]} c6 {[%emt 0:00:15]} 8. Re1 {[%emt 0:04:58]} Qc7 {[%emt 0:00:34]} 9. Bg5 {[%emt 0:03:25]} b6 {[%emt 0:14:15]} 10. Ba2 {[%emt 0:05:45]} a6 {[%emt 0:11:35]} 11. dxe5 {[%emt 0:03:46]} dxe5 {[%emt 0:00:51]} 12. Nd2 {[%emt 0:01:32]} Nc5 {[%emt 0:05:06]} 13. Bc4 {[%emt 0:07:03]} Be6 {[%emt 0:08:42]} 14. Qe2 {[%emt 0:08:05]} b5 {[%emt 0:01:15]} 15. Bxe6 {[%emt 0:02:09]} Nxe6 {[%emt 0:00:06]} 16. Bxf6 {[%emt 0:00:13]} Bxf6 {[%emt 0:01:02]} 17. Nf3 {[%emt 0:00:51]} Be7 {[%emt 0:09:19]} 18. Nd1 {[%emt 0:05:26]} Bc5 {[%emt 0:01:49]} 19. c3 {[%emt 0:01:42]} Nf4 {[%emt 0:03:33]} 20. Qc2 {[%emt 0:00:52]} Rad8 {[%emt 0:04:13]} 21. b4 {[%emt 0:05:25]} Bb6 {[%emt 0:02:28]} 22. Nb2 {[%emt 0:01:08]} Qd6 {[%emt 0:06:09]} 23. Rf1 {[%emt 0:06:22]} Qg6 {[%emt 0:00:56]} 24. g3 {[%emt 0:00:33]} Qh5 {[%emt 0:02:50]} 25. Ne1 {[%emt 0:07:33]} Rd6 {[%emt 0:03:08]} 26. Kh1 {[%emt 0:04:00]} Rh6 {[%emt 0:01:09]} 27. f3 {[%emt 0:00:48]} Qh3 {[%emt 0:00:19]} 28. Ned3 {[%emt 0:02:30]} Nh5 {[%emt 0:00:06]} 0-1